|
|
|
|
| LEADER |
00000nam2a2200000 4500 |
| 001 |
231053 |
| 005 |
20231101231041.0 |
| 035 |
|
|
|a (RuTPU)RU\TPU\book\252068
|
| 035 |
|
|
|a RU\TPU\book\252056
|
| 090 |
|
|
|a 231053
|
| 100 |
|
|
|a 20130129d1948 k y0rusy50 ca
|
| 101 |
0 |
|
|a rus
|
| 102 |
|
|
|a RU
|
| 105 |
|
|
|a a z 001zy
|
| 200 |
0 |
|
|a Вып. 39 : Проблемы геоморфологии
|e [сборник трудов]
|f отв. ред. А. А. Григорьев
|
| 210 |
|
|
|d 1948
|
| 215 |
|
|
|c ил.
|a 318 с.
|
| 317 |
|
|
|5 63413507: КР-622
|a Поступила в НТБ в 2004 г. в составе книжного собрания профессора ТПИ К. В. Радугина.
|
| 320 |
|
|
|a Библиография в конце статей
|
| 461 |
|
1 |
|0 (RuTPU)RU\TPU\retro\2587
|t Труды Института географии
|f Академия наук СССР, Институт географии
|v Вып. 39 : Проблемы геоморфологии
|d 1937-1962
|
| 606 |
1 |
|
|a Геоморфология
|2 stltpush
|3 (RuTPU)RU\TPU\subj\6207
|9 34142
|
| 610 |
1 |
|
|a горы
|
| 610 |
1 |
|
|a тектонические процессы
|
| 610 |
1 |
|
|a Тянь-Шань
|
| 610 |
1 |
|
|a Сибирь
|
| 610 |
1 |
|
|a рельеф
|
| 610 |
1 |
|
|a развитие
|
| 610 |
1 |
|
|a эрозия
|
| 610 |
1 |
|
|a денудация
|
| 610 |
1 |
|
|a происхождение
|
| 610 |
1 |
|
|a пустыни
|
| 610 |
1 |
|
|a картирование
|
| 610 |
1 |
|
|a карты
|
| 610 |
1 |
|
|a библиотека К. В. Радугина
|
| 675 |
|
|
|a 551.4
|v 3
|
| 702 |
|
1 |
|a Григорьев
|b А. А.
|c российский географ
|c академик Ан СССР
|f 1883-1968
|g Андрей Александрович
|2 stltpush
|3 (RuTPU)RU\TPU\pers\30365
|4 340
|9 14710
|
| 801 |
|
1 |
|a RU
|b 63413507
|c 20130129
|
| 801 |
|
2 |
|a RU
|b 63413507
|c 20180814
|g RCR
|
| 942 |
|
|
|c BK
|